Úloha a význam hrubého domáceho produktu v súčasnej ekonomike

Súčasní ekonómovia, politici ale ani štatistici sa pri svojom opise ekonomického a spoločenského diania v krajine takmer nezaobídu bez štatistických údajov a ukazovateľov. Na ich základe hodnotíme predchádzajúci vývoj a snažíme sa predpovedať budúcnosť. Jeden zo základných ukazovateľov je hrubý domá...

Ausführliche Beschreibung

Gespeichert in:
Bibliographische Detailangaben
1. Verfasser: Madzinová, Renáta
Format: Buchkapitel
Sprache:Slowakisch
Schlagworte:
Tags: Tag hinzufügen
Keine Tags, Fügen Sie das erste Tag hinzu!

MARC

LEADER 00000naa a2200000 4500
001 0192748
005 20220715093340.1
041 0 |a slo 
044 |a SK 
245 1 0 |a Úloha a význam hrubého domáceho produktu v súčasnej ekonomike  |c Renáta Madzinová 
520 |a Súčasní ekonómovia, politici ale ani štatistici sa pri svojom opise ekonomického a spoločenského diania v krajine takmer nezaobídu bez štatistických údajov a ukazovateľov. Na ich základe hodnotíme predchádzajúci vývoj a snažíme sa predpovedať budúcnosť. Jeden zo základných ukazovateľov je hrubý domáci produkt. Pri hodnotení vývoja v krajine sa oň opierajú nielen ekonómovia ale najmä politici. HDP, jeho výpočet, nedostatky a tým, či úlohu, ktorú mu pripisujeme skutočne aj plní. 
610 2 0 |a produkt domáci hrubý 
610 2 0 |a údaje štatistické 
610 2 0 |a prognózy hospodárske 
610 2 0 |a pojmy 
100 1 |a Madzinová, Renáta